Guess the Taylor Swift Song (3) - Statistics

General Stats
  • This quiz has been taken 63 times
  • The average score is 173 of 240
Answer Stats
% Correct
a
100%
A
100%
I
100%
you
100%
You
100%
you,
100%
And
95%
and
95%
the
93%
The
93%
it
90%
me
90%
your
90%
can
88%
don't
88%
Don't
88%
for
88%
For
88%
no
88%
on
88%
when
88%
you're
88%
at
85%
be
85%
It's
85%
That
85%
that
85%
they
85%
They
85%
What
85%
what
85%
can't
83%
in
83%
know
83%
see
83%
But
80%
So
80%
this
80%
Like
78%
"baby"
75%
call
75%
just
75%
Look
75%
made
75%
thats
75%
that's
75%
time
75%
with
75%
are
73%
from
73%
one
73%
thing
73%
well
73%
about
70%
by
70%
him
70%
illicit
70%
"kid"
70%
would
70%
affairs
68%
out
68%
else
65%
little
65%
mess
65%
million
65%
Tell
65%
times
65%
anyone
63%
even
63%
meetings
63%
always
60%
clandestine
60%
down
60%
keep
60%
lie,
60%
lie
60%
show
60%
stares
60%
wanna
60%
dies,
58%
dies
58%
myself
58%
scream
58%
secret
58%
showed
58%
speak
58%
colors
55%
damn
55%
eyes
55%
friends
55%
godforsaken
55%
leave
55%
Leave
55%
ruin
55%
run
55%
single
55%
stop
55%
Take
55%
You'll
55%
first
53%
fool
53%
head,
53%
language
53%
Make
53%
their
53%
yourself
53%
beautiful
50%
hundred
50%
idiotic
50%
longing
50%
lots
50%
parking
50%
perfume
50%
rooms
50%
started
50%
taught
50%
Ends
48%
exist
48%
few
48%
less
48%
over
48%
return
48%
road
48%
shelf
48%
sure
48%
behind
45%
born
45%
nobody
45%
picked
45%
sees
45%
stolen
45%
flushed
43%
only
43%
trace
43%
traveled
43%
Hood
40%
glance
38%
truth
38%
words
38%
high
35%
drug
33%
worked
33%
dwindling,
28%
mercurial
25%
No matching quizzes found
Score Distribution
Percent of People with Each Score
Percentile by Number Answered
Your Score History
You have not taken this quiz